Handbook of competency mapping : understanding, designing and implementing comptency models in organizations (Record no. 183357)

MARC details
000 -LEADER
fixed length control field 00559nam a2200169Ia 4500
005 - DATE AND TIME OF LATEST TRANSACTION
control field 20250605091319.0
008 - FIXED-LENGTH DATA ELEMENTS--GENERAL INFORMATION
fixed length control field 231217s9999 xx 000 0 und d
020 ## - INTERNATIONAL STANDARD BOOK NUMBER
International Standard Book Number 9780761935988
082 ## - DEWEY DECIMAL CLASSIFICATION NUMBER
Classification number 658.4012 SAN;10 R
100 ## - MAIN ENTRY--PERSONAL NAME
Personal name Sanghi, Seema.
245 #0 - TITLE STATEMENT
Title Handbook of competency mapping : understanding, designing and implementing comptency models in organizations
250 ## - EDITION STATEMENT
Edition statement 2nd ed.
260 ## - PUBLICATION, DISTRIBUTION, ETC. (IMPRINT)
Date of publication, distribution, etc. 2007
Name of publisher, distributor, etc. Response Books
Place of publication, distribution, etc. New Delhi
300 ## - PHYSICAL DESCRIPTION
Extent xx+227
650 ## - SUBJECT ADDED ENTRY--TOPICAL TERM
Topical term or geographic name as entry element competency,mapping,understanding,,designing,comptency,organizations
942 ## - ADDED ENTRY ELEMENTS (KOHA)
Koha item type Books
Holdings
Date last seen Total Checkouts Full call number Accession number Old discount Date checked out Cost, replacement price Price effective from Category Lost status Damaged status Department Withdrawn status bill no. bill date Permanent Location Current Location Shelving location Entry date Vendor Cost, normal purchase price Grants Currency symbol Conversion rate Discount Discount type Uniform Resource Identifier
22/07/2024 1 658.4012 SAN;10 R 54672 20 02/04/2024 260.00 26/01/2024 Books     Central Library   359 26/01/2013 Central Library Central Library Central Library 07/07/2009 Knowledge Books 325.00 MBA RS 1 65 Rupees  
26/01/2024   658.4012 SAN;11 R1 54673 20   260.00 26/01/2024 Books     Central Library   359 26/01/2013 Central Library Central Library MBA 07/07/2009 Knowledge Books 325.00 MBA RS 1 65 Rupees  
26/01/2024   658.4012 SAN;12 54674 20   260.00 26/01/2024 Books     Central Library   359 26/01/2013 Central Library Central Library Central Library 07/07/2009 Knowledge Books 325.00 MBA RS 1 65 Rupees digital/contents/54674.pdf
26/01/2024   658.4012 SAN;13 75870 20   280.00 26/01/2024 Books     Central Library   SIPHO/2010/CRB/492 31/12/2014 Central Library Central Library Central Library 30/11/2010 Surya Infotainment Products Pvt. Ltd. 350.00 MBA RS 1 70 Rupees  

© For any Suggestions or Query, please contact the library staff @ librarian@pes.edu or Phone: +9180 2672 1983/ 2108.